Linear algebraic groups

Αποθηκεύτηκε σε:
Λεπτομέρειες βιβλιογραφικής εγγραφής
Κύριος συγγραφέας: Humphreys, James E.
Μορφή: Βιβλίο
Γλώσσα:English
Δημοσίευση: New York : Springer-Verlag, c1981 (1987 printing)
Σειρά:Graduate texts in mathematics ; ; v. 21
Θέματα:
Ετικέτες: Προσθήκη ετικέτας
Δεν υπάρχουν, Καταχωρήστε ετικέτα πρώτοι!

MARC

LEADER 00000cam a2200000 i 4500
001 1/30071
008 941103s1975 eng d
020 |a 0387901086 
035 |l 10038477 
035 |a 1993 
040 |a GR-MY-UA  |b gre  |e aacr 
041 0 |a eng 
082 0 |a 512.2 
100 1 |a Humphreys, James E. 
245 1 0 |a Linear algebraic groups /  |c James E. Humphreys 
250 |b 3rd pr. 
260 |a New York :   |b Springer-Verlag,   |c c1981 (1987 printing) 
300 |a xiv, 247 p.;  |c 25 cm 
490 1 |a Graduate texts in mathematics  |v ; 21 
504 |a Bibliography: p. 233-239 
650 0 0 |a Linear algebraic groups. 
830 0 |a Graduate texts in mathematics ;  |v ; v. 21 
852 |a INST  |b SAMOS  |e 19941103  |h 512.2 HUM  |p 005300007584  |q 005300007584  |t BK  |y 4  |x 20200210 
909 |a Σ  |b 029355